Diecast
Uloženo v:
| Hlavní autor: | |
|---|---|
| Médium: | Kniha |
| Jazyk: | angličtina |
| Vydáno: |
Greenwich
Fawcett Publications
1963
|
| Edice: | Gold Medal Books
|
| Témata: | |
| Tagy: |
Přidat tag
Žádné tagy, Buďte první, kdo vytvoří štítek k tomuto záznamu!
|
MARC
| LEADER | 00000nam a2200000 a 4500 | ||
|---|---|---|---|
| 001 | UCQ3778 | ||
| 003 | CL-VaPUC | ||
| 008 | 980828e19630000US |||||||||||||||||eng|d | ||
| 082 | 0 | 4 | |a 823 |b BRE |2 21 |
| 100 | 0 | |a Brett, Michael |e author |9 418020 | |
| 245 | 1 | 0 | |a Diecast |
| 300 | |a 144 p | ||
| 942 | |c BK | ||
| 945 | |d 19980828 00:00:00 |a crobeson | ||
| 260 | |a Greenwich |b Fawcett Publications |c 1963 | ||
| 650 | 0 | |a Novelas inglesas |9 265220 | |
| 650 | 0 | |a Literatura inglesa |9 312907 | |
| 583 | |a last modification |c 19980828 00:00:00 |k Rodrigo Vera | ||
| 490 | 0 | |a Gold Medal Books | |
| 999 | |c 274293 |d 274291 | ||
| 952 | |0 0 |1 0 |4 0 |6 823_000000000000000_BRE_1963 |7 0 |8 A |9 310429 |a BIBEDU |b BIBEDU |d 2019-11-20 |i 1458140 |o 823 BRE 1963 |p 1458140 |r 2019-11-20 |w 2019-11-20 |y BK |k LIT | ||